000 00710nam a22001697a 4500
999 _c58827
_d58827
003 Ge_BSU
005 20221005153936.0
008 221005s1969 ge ||||| |||| 00| 0 geo d
041 _ageo
080 _a1(09)(075.8) ბ-32
100 _aბაქრაძე, კოტე
_93729
245 _aახალი ფილოსოფიის ისტორია :
_b[სახელმძღ. სტუდენტებისათვის] /
_cკოტე ბაქრაძე.
264 _aთბილისი :
_bთბილ. უნ-ტის გამ-ბა,
_c1969.
300 _a467 გვ. ;
_b21 სმ.
653 _aფილოსოფიის ისტორია
942 _2udc
_cBK